<?xml version="1.0" encoding="UTF-8"?><?xml-stylesheet type="text/xsl" href="static/style.xsl"?><OAI-PMH xmlns="http://www.openarchives.org/OAI/2.0/" xmlns:xsi="http://www.w3.org/2001/XMLSchema-instance" xsi:schemaLocation="http://www.openarchives.org/OAI/2.0/ http://www.openarchives.org/OAI/2.0/OAI-PMH.xsd"><responseDate>2026-04-28T21:23:10Z</responseDate><request verb="GetRecord" identifier="oai:uvadoc.uva.es:10324/4592" metadataPrefix="marc">https://uvadoc.uva.es/oai/request</request><GetRecord><record><header><identifier>oai:uvadoc.uva.es:10324/4592</identifier><datestamp>2025-01-16T07:59:04Z</datestamp><setSpec>com_10324_38</setSpec><setSpec>col_10324_852</setSpec></header><metadata><record xmlns="http://www.loc.gov/MARC21/slim" xmlns:doc="http://www.lyncode.com/xoai" xmlns:xsi="http://www.w3.org/2001/XMLSchema-instance" xmlns:dcterms="http://purl.org/dc/terms/" xsi:schemaLocation="http://www.loc.gov/MARC21/slim http://www.loc.gov/standards/marcxml/schema/MARC21slim.xsd">
<leader>00925njm 22002777a 4500</leader>
<datafield tag="042" ind1=" " ind2=" ">
<subfield code="a">dc</subfield>
</datafield>
<datafield tag="720" ind1=" " ind2=" ">
<subfield code="a">Campo Salazar, Francisco</subfield>
<subfield code="e">author</subfield>
</datafield>
<datafield tag="260" ind1=" " ind2=" ">
<subfield code="c">2013</subfield>
</datafield>
<datafield tag="520" ind1=" " ind2=" ">
<subfield code="a">Este documento presenta el diseño y la elaboración de una propuesta educativa para segundo curso de Educación Primaria. Se muestra una reflexión que permite conocer el tema con mayor profundidad con la que poder plantear una mejora de la unidad didáctica de habilidades manipulativas en Educación Física aplicada en el Prácticum II. Ésta pretende dar respuesta a la necesidad de tener en cuenta el trabajo de los lanzamientos y recepciones como recurso y contenido educativo.</subfield>
</datafield>
<datafield tag="024" ind2=" " ind1="8">
<subfield code="a">http://uvadoc.uva.es/handle/10324/4592</subfield>
</datafield>
<datafield ind1=" " ind2=" " tag="653">
<subfield code="a">Educación física para niños-Estudio y enseñanza (Primaria)- Evaluación</subfield>
</datafield>
<datafield ind1=" " ind2=" " tag="653">
<subfield code="a">Motricidad</subfield>
</datafield>
<datafield tag="245" ind1="0" ind2="0">
<subfield code="a">Habilidades manipulativas en Educación Física. Una propuesta de lanzamientos y recepciones en el primer ciclo de Educación Primaria.</subfield>
</datafield>
</record></metadata></record></GetRecord></OAI-PMH>